00585cam a2200193 450000100060000000300080000600500170001400800410003103500190007204000320009104100080012308200220013110000220015324500790017526000340025430000340028850400510032265000180037313122BD-RjUL20211208235418.0140130s1973 nyua b 001 0 eng  a(BD-RjUL)13172 aDLCcDLCdDLCdBD-RjULbeng aeng00a574.192bBRC 19731 aBronk, J. Ramsey.10aChemical biology :ban introduction to biochemistry /cby J. Ramsey Bronk. aNew York :bMacmillan,c1973. axix, 667 p. :bill. ;c26 cm. aIncludes bibliographical references and index. 0aBiochemistry.